| 000 | 00000nas##2200000za#4500 |
| 001 | 9.504245 |
| 003 | CaOODSP |
| 005 | 20210420090204 |
| 007 | cr ||||||||||| |
| 008 | 150406c2003||||xxc|| p o||||f| |0fre|d |
| 040 | |aCaOODSP|bfre |
| 043 | |an-cn--- |
| 086 | 1 |aH161-7F-PDF |
| 110 | 1 |aCanada. |bDirection générale des produits de santé et des aliments. |
| 245 | 10|aDirection générale des produits de santé et des aliments, comité de consultation publique - rapport annuel ... |h[ressource électronique] |
| 260 | |aOttawa - Ontario : |bSanté Canada. |
| 310 | |aAnnuel |
| 362 | 1 |a2003--2004 |
| 775 | 08|tHealth Products and Food Branch Public Advisory Committee ... annual report |w(CaOODSP)9.507867 |